logo

Bir Sreshtho Munshi Abdur Rouf Library
Jhenaidah Cadet College

ভাব - বুদ্বুদ : (Record no. 891)

MARC details
000 -LEADER
fixed length control field 00931nam a2200265 a 4500
001 - CONTROL NUMBER
JCCL Control Number 891
003 - CONTROL NUMBER IDENTIFIER
JCCL marc code BD-JhCC
005 - DATE AND TIME OF LATEST TRANSACTION
control field 20171011131146.0
008 - FIXED-LENGTH DATA ELEMENTS--GENERAL INFORMATION
fixed length control field 171011s2015 bg |||| ||a| 000 0 ben d
020 ## - INTERNATIONAL STANDARD BOOK NUMBER
International Standard Book Number 9789849104216
035 ## - SYSTEM CONTROL NUMBER
system control number (BD-JhCC)891
040 ## - CATALOGING SOURCE
Original cataloging agency BD-JhCC
Modifying agency BD-JhCC
041 ## - LANGUAGE CODE
Language code of Book ben
082 ## - DEWEY DECIMAL CLASSIFICATION NUMBER
Classification number 923.1
Author mark and Year VAB 2015
245 ## - TITLE STATEMENT
Title ভাব - বুদ্বুদ :
Remainder of title আহমদ শরীফের ডায়েরী /
Statement of responsibility, etc সম্পাদনায়- নেহাল করিম; মোহাম্মদ আজম; খোরেশদ আলম
260 ## - PUBLICATION, DISTRIBUTION, ETC. (IMPRINT)
Place of publication, distribution, etc ঢাক :
Name of publisher, distributor, etc জাগৃতি প্রকাশনী,
Date of publication, distribution, etc 2015
300 ## - PHYSICAL DESCRIPTION
Pagination 208 p.;
Dimensions 22 cm.
600 ## - SUBJECT ADDED ENTRY--PERSONAL NAME
Personal name Sharif, Ahammad
650 ## - SUBJECT ADDED ENTRY--TOPICAL TERM
Topical term or geographic name as entry element Bangali Literature
General subdivision Essays
700 ## - ADDED ENTRY--PERSONAL NAME
Personal name করিম, নেহাল
700 ## - ADDED ENTRY--PERSONAL NAME
Personal name আজম, মোহাম্মদ
700 ## - ADDED ENTRY--PERSONAL NAME
Personal name আলম, খোরেশদ
942 ## - ADDED ENTRY ELEMENTS (KOHA)
Source of classification or shelving scheme Dewey Decimal Classification
Koha item type Books
Holdings
Source of classification or shelving scheme Damaged status Not for loan Home library Current library Shelving location Date of accession Source of acquisition Cost, normal purchase price Total Checkouts Full call number Barcode Date last seen Copy number Koha item type
Dewey Decimal Classification     JCC Rouf Library JCC Rouf Library General Stacks 11/10/2017 Abu Daud Khan, 25 Intake 400.00   923.1 VAB 2015 1623 10/11/2017 C-1 Books

JCC Library | Contacts | JCC Home

Last Update on 23 September 2017
Copyright @ 2017-2020 JCC Rouf Library
Rouf Library, Jhenidah Cadet College (JCC), Bangladesh